[Event "ESP-ch Amateurs U2300"]
[Site "Murcia"]
[Date "2022.09.01"]
[Round "4.6"]
[White "Soto Diaz, Jose Antonio"]
[Black "De Nacimiento Montano, Angel"]
[Result "0-1"]
[WhiteElo "2083"]
[BlackElo "2226"]
[PlyCount "80"]
[EventDate "2022.08.30"]
[EventType "swiss"]
[EventRounds "7"]
[EventCountry "ESP"]
[SourceTitle "EXT 2024"]
[Source "ChessBase"]
[SourceDate "2023.10.10"]
[SourceVersion "1"]
[SourceVersionDate "2023.10.10"]
[SourceQuality "1"]

1. e4 e5 2. Nf3 Nc6 3. Bb5 a6 4. Ba4 Nf6 5. d3 b5 6. Bb3 Be7 7. Nc3 d6 8. a4 b4 9. Nd5 Na5 10. Ba2 c5 11. c3 Rb8 12. 0-0 b3 13. Nxf6+ Bxf6 14. Bb1 Bg4 15. h3 Bh5 16. Be3 h6 17. g4 Bg6 18. Qe2 Qc8 19. Kg2 h5 20. g5 Be7 21. d4 Qc7 22. dxe5 dxe5 23. Nh4 Qc6 24. Nxg6 fxg6 25. f4 0-0 26. Kh2 c4 27. fxe5 Rxf1 28. Qxf1 Qe6 29. Qg1 Nc6 30. a5 Nxe5 31. Qg3 Bd6 32. Kg2 Rf8 33. Bd4 Nd3 34. e5 Qd5+ 35. Kg1 Bxe5 36. Qe3 Rf3 37. Bxd3 Rxe3 38. Bxc4 Rg3+ 39. Kf2 Qxc4 40. Bxe5 Rxg5 0-1

[Event "ESP-ch Amateurs U2300"]
[Site "Murcia"]
[Date "2022.08.30"]
[Round "2.2"]
[White "Soto Diaz, Jose Antonio"]
[Black "Garcia Gil, Bernardino"]
[Result "0-1"]
[WhiteElo "2083"]
[BlackElo "2292"]
[PlyCount "104"]
[EventDate "2022.08.30"]
[EventType "swiss"]
[EventRounds "7"]
[EventCountry "ESP"]
[SourceTitle "EXT 2024"]
[Source "ChessBase"]
[SourceDate "2023.10.10"]
[SourceVersion "1"]
[SourceVersionDate "2023.10.10"]
[SourceQuality "1"]

1. e4 e6 2. Qe2 c5 3. Nf3 Nc6 4. g3 g6 5. Bg2 Bg7 6. 0-0 d6 7. c3 Nge7 8. Rd1 e5 9. Na3 f5 10. exf5 Bxf5 11. d4 cxd4 12. cxd4 exd4 13. Bf4 0-0 14. Nh4 d3 15. Qd2 Bg4 16. Re1 Be2 17. Nb5 Qd7 18. Nc3 Nd4 19. Kh1 Rac8 20. Be4 d5 21. Bxd3 Bxd3 22. Qxd3 Ne6 23. Ng2 Nc5 24. Qd2 d4 25. Ne4 Nxe4 26. Rxe4 Nc6 27. Qd3 Kh8 28. a3 Rce8 29. Rae1 Rxe4 30. Rxe4 Qf5 31. Nh4 Qd5 32. Nf3 h6 33. h4 b5 34. Kg1 Kh7 35. Re2 Rf5 36. Nh2 Qc4 37. Qd2 d3 38. Re3 g5 39. hxg5 hxg5 40. Bxg5 Rxg5 41. Rxd3 Rc5 42. Kg2 Ne5 43. Rd4 Qe6 44. Qe3 Qc6+ 45. Kh3 Ng6 46. Rg4 Rh5+ 47. Rh4 Nxh4 48. gxh4 Qd7+ 49. Ng4 Rd5 50. f3 Qf5 51. Kg2 Rd3 52. Qe2 Rb3 0-1